|
|
|
|
| LEADER |
01431nam a2200385 a 4500 |
| 001 |
EBC787638 |
| 003 |
MiAaPQ |
| 005 |
20200520144314.0 |
| 006 |
m o d | |
| 007 |
cr cn||||||||| |
| 008 |
110920s2011 dcuad sb 001 0 eng d |
| 010 |
|
|
|z 2011038033
|
| 020 |
|
|
|z 9780821388372
|
| 020 |
|
|
|a 9780821388709 (electronic bk.)
|
| 035 |
|
|
|a (MiAaPQ)EBC787638
|
| 035 |
|
|
|a (Au-PeEL)EBL787638
|
| 035 |
|
|
|a (CaPaEBR)ebr10506380
|
| 035 |
|
|
|a (CaONFJC)MIL330064
|
| 035 |
|
|
|a (OCoLC)769188436
|
| 040 |
|
|
|a MiAaPQ
|c MiAaPQ
|d MiAaPQ
|
| 043 |
|
|
|a ae-----
|a p------
|
| 050 |
|
4 |
|a HD9502.E182
|b O54 2011
|
| 082 |
0 |
4 |
|a 333.79095
|2 23
|
| 245 |
0 |
0 |
|a One goal, two paths
|h [electronic resource] :
|b achieving universal access to modern energy in East Asia and the Pacific.
|
| 260 |
|
|
|a Washington, D.C. :
|b World Bank,
|c c2011.
|
| 300 |
|
|
|a xv, 165 p. :
|b col. ill.
|
| 504 |
|
|
|a Includes bibliographical references and index.
|
| 533 |
|
|
|a Electronic reproduction. Ann Arbor, MI : ProQuest, 2015. Available via World Wide Web. Access may be limited to ProQuest affiliated libraries.
|
| 650 |
|
0 |
|a Energy policy
|z East Asia.
|
| 650 |
|
0 |
|a Power resources
|z East Asia.
|
| 650 |
|
0 |
|a Energy policy
|z Pacific Area.
|
| 650 |
|
0 |
|a Power resources
|z Pacific Area.
|
| 655 |
|
4 |
|a Electronic books.
|
| 710 |
2 |
|
|a ProQuest (Firm)
|
| 856 |
4 |
0 |
|u https://ebookcentral.proquest.com/lib/matrademy/detail.action?docID=787638
|z Click to View
|